| 000 | 00384nam a2200157Ia 4500 | ||
|---|---|---|---|
| 008 | 230524s9999 xx 000 0 und d | ||
| 082 |
_a658.4 _bSWA |
||
| 100 | _aA.K.P.C.Swain | ||
| 245 | 2 | _aA Text Book of Research Methodology | |
| 250 | _a2ND | ||
| 260 |
_aNEW DELHI _bKalyani _c2009 |
||
| 300 | _aXXI;784 | ||
| 500 | _aQuantity Number: 2 | ||
| 650 | _aManagement | ||
| 942 | _cBK | ||
| 999 |
_c46697 _d46697 |
||